Makers of Modern Strategy / (Record no. 4743)
[ view plain ]
| 000 -LEADER | |
|---|---|
| fixed length control field | 00597nam a2200229 a 4500 |
| 001 - CONTROL NUMBER | |
| JCCL Control Number | 4743 |
| 003 - CONTROL NUMBER IDENTIFIER | |
| JCCL marc code | BD-JhCC |
| 005 - DATE AND TIME OF LATEST TRANSACTION | |
| control field | 20171203084906.0 |
| 008 - FIXED-LENGTH DATA ELEMENTS--GENERAL INFORMATION | |
| fixed length control field | 171203s19711973u b|||| || | 001 0 eng d |
| 020 ## - INTERNATIONAL STANDARD BOOK NUMBER | |
| International Standard Book Number | 06910690777 |
| 035 ## - SYSTEM CONTROL NUMBER | |
| system control number | (BD-JhCC)4743 |
| 040 ## - CATALOGING SOURCE | |
| Original cataloging agency | BD-JhCC |
| Modifying agency | BD-JhCC |
| 041 ## - LANGUAGE CODE | |
| Language code of Book | eng |
| 082 ## - DEWEY DECIMAL CLASSIFICATION NUMBER | |
| Classification number | 355.082 |
| Author mark and Year | EAR 1973 |
| 100 ## - MAIN ENTRY--PERSONAL NAME | |
| Personal name | Earle, Edward Mead |
| 245 ## - TITLE STATEMENT | |
| Title | Makers of Modern Strategy / |
| Statement of responsibility, etc | Edward Mead Earle, |
| 260 ## - PUBLICATION, DISTRIBUTION, ETC. (IMPRINT) | |
| Place of publication, distribution, etc | USA : |
| Name of publisher, distributor, etc | Princeton University Press, |
| Date of publication, distribution, etc | 1973. |
| 300 ## - PHYSICAL DESCRIPTION | |
| Pagination | 553 p. : |
| Dimensions | 24 cm. |
| 650 ## - SUBJECT ADDED ENTRY--TOPICAL TERM | |
| Topical term or geographic name as entry element | Milirary Art and Science |
| 942 ## - ADDED ENTRY ELEMENTS (KOHA) | |
| Source of classification or shelving scheme | Dewey Decimal Classification |
| Koha item type | Books |
| Source of classification or shelving scheme | Damaged status | Not for loan | Home library | Current library | Shelving location | Date of accession | Source of acquisition | Total Checkouts | Full call number | Barcode | Date last seen | Copy number | Koha item type |
|---|---|---|---|---|---|---|---|---|---|---|---|---|---|
| Dewey Decimal Classification | JCC Rouf Library | JCC Rouf Library | General Stacks | 12/03/2017 | The Asia Foundation | 355.082 EAR 1973 | 6781 | 12/03/2017 | C- 1 | Books |